02372nam a22003614a 4500001001200000003000800012006001900020007001500039008004100054010001700095015001900112016002000131016001800151020004300169020004000212040002100252035002100273041000800294050002500302082001600327100002000343245006800363260005800431300002900489504005100518505107300569533015201642650002701794655002901821710001701850856012601867999001701993ebr10301493CaPaEBRm u cr cn|||||||||070917s2008 enka sb 001 0 eng  z 2007038528 aGBA7847472bnb7 z1013167552DNLM7 z0141013962Uk z9781405124362 (hardcover : alk. paper) z1405124369 (hardcover : alk. paper) aCaPaEBRcCaPaEBR a(OCoLC)3177789690 aeng14aQD476.2b.A44 2008eb04a572/.432221 aAllen, James P.10aBiophysical chemistryh[electronic resource] /cJames P. Allen. aOxford ;aHoboken, NJ :bWiley-Blackwell Pub.,c2008. axvi, 492 p. :bcol. ill. aIncludes bibliographical references and index.0 aBasic thermodynamic and biochemical concepts -- Pt. 1. Thermodynamics and kinetics. First law of thermodynamics ; Second law of thermodynamics ; Phase diagrams, mixtures, and chemical potential ; Equilibria and reactions involving protons ; Oxidation/reduction reactions and bioenergetics ; Kinetics and enzymes ; The Boltzmann distribution and statistical thermodynamics -- Pt. 2. Quantum mechanics and spectroscopy. Quantum theory: introduction and principles ; Particle in a box and tunneling ; Vibrational motion and infrared spectroscopy ; Atomic structure: hydrogen atom and multi-electron atoms ; Chemical bonds and protein interactions ; Electronic transitions and optical spectroscopy ; X-ray diffraction and extended x-ray absorption fine structure ; Magnetic resonance -- Pt. 3. Understanding biological systems using physical chemistry. Signal transduction ; Membrane potentials, transporters, and channels ; Molecular imaging ; Photosynthesis -- Answers to problems -- Fundamental constants -- Conversion factors for energy units -- The periodic table. aElectronic reproduction.bPalo Alto, Calif. :cebrary,d2013.nAvailable via World Wide Web.nAccess may be limited to ebrary affiliated libraries. 0aPhysical biochemistry. 7aElectronic books.2local2 aebrary, Inc.40uhttp://site.ebrary.com/lib/rucke/Doc?id=10301493zAn electronic book accessible through the World Wide Web; click to view c67515d67515